Organometallics in environment and toxicology / (رقم التسجيلة. 21826)
[ عرض عادي ]
| 000 -الفاتح | |
|---|---|
| حقل البيانات ثابتة الطول | 01411cam a22003737a 4500 |
| 001 - رقم الضبط | |
| رقم الضبط | 16243373 |
| 003 - محدد رقم الضبط | |
| رقم الضبط | OSt |
| 005 - وقت وتاريخ اخر تعامل مع التسجيلة | |
| رقم الضبط | 20150408114018.0 |
| 008 - عناصر البيانات ثابتة الطول - معلومات عامة | |
| حقل البيانات ثابتة الطول | 100520s2010 enka b 001 0 eng d |
| 010 ## - رقم ضبط مكتبة الكونجرس | |
| رقم ضبط مكتبة الكونجرس | 2010459140 |
| 015 ## - رقم الببليوجرافية الوطنية | |
| رقم الببليوجرافية الوطنية | GBA9A9304 |
| المصدر | bnb |
| 020 ## - الرقم الدولى المعيارى للكتب | |
| الرقم الدولى المعيارى للكتاب | 9781847551771 (hbk.) |
| 020 ## - الرقم الدولى المعيارى للكتب | |
| الرقم الدولى المعيارى للكتاب | 1847551777 (hbk.) |
| 035 ## - رقم ضبط النظام | |
| رقم ضبط النظام | (OCoLC)ocn526616318 |
| 040 ## - مصدر الفهرسة | |
| وكالة الفهرسة الأصلية | EQO |
| وكالة النسخ | EQO |
| وكالة التعديل | CDX |
| -- | NUI |
| -- | BWX |
| -- | AGL |
| -- | DLC |
| 042 ## - رمز التحقق | |
| رمز التحقق | lccopycat |
| 050 00 - رقم طلب مكتبة الكونجرس | |
| رقم التصنيف | QH545.O74 |
| رقم المادة | O72 2010 |
| 070 0# - رقم الطلب بالمكتبة الوطنية الزراعية | |
| رقم التصنيف | QH545.O74 |
| رقم المادة | O74 2010 |
| 082 04 - رقم تصنيف ديوى العشرى | |
| رقم التصنيف | 577.278 |
| رقم الطبعة | 22 |
| 245 00 - بيان العنوان | |
| العنوان | Organometallics in environment and toxicology / |
| بيان المسئوليه,etc | edited by Astrid Sigel, Helmut Sigel, and Roland K.O. Sigel. |
| 260 ## - PUBLICATION, DISTRIBUTION, ETC. (IMPRINT) | |
| مكان الناشر او الموزع | Cambridge, UK : |
| اسم الناشر او الموزع | RSC Publishing, |
| تاريخ النشر أو التوزيع | c2010. |
| 300 ## - الوصف المادى | |
| التعداد | xxix, 575 p. : |
| تفاصيل ماديه اخرى للوعاء | ill. (some col.) ; |
| أبعاد الوعاء | 24 cm. |
| 490 1# - بيان السلسلة | |
| عنوان السلسلة | Metal ions in life sciences, |
| الرقم الدولى المعيارى للدوريات | 1559-0836 ; |
| رقم المجلد/ التعيين التسلسلي | v. 7 |
| 504 ## - تبصرة ببليوجرافية | |
| تبصرة ببليوجرافية,الخ | Includes bibliographical references and index. |
| 650 #0 - المدخل الاضافى بالموضوع-مصطلح موضوعى | |
| مصطلح موضوعي أو اسم جغرافي كعنصر مدخل | Organometallic compounds |
| التقسيم الفرعي العام | Environmental aspects. |
| 9 (RLIN) | 11901 |
| 650 #0 - المدخل الاضافى بالموضوع-مصطلح موضوعى | |
| مصطلح موضوعي أو اسم جغرافي كعنصر مدخل | Organometallic compounds |
| التقسيم الفرعي العام | Toxicology. |
| 9 (RLIN) | 11902 |
| 700 1# - المدخل الاضافى - اسم شخصى | |
| الإسم الشخصى | Sigel, Astrid. |
| 9 (RLIN) | 11878 |
| 700 1# - المدخل الاضافى - اسم شخصى | |
| الإسم الشخصى | Sigel, Helmut. |
| 9 (RLIN) | 11879 |
| 700 1# - المدخل الاضافى - اسم شخصى | |
| الإسم الشخصى | Sigel, Roland K. O. |
| 9 (RLIN) | 11880 |
| 710 2# - المدخل الاضافى - اسم هيئه | |
| اسم الهيئة أو اسم السلطة كمدخل | Royal Society of Chemistry (Great Britain) |
| 9 (RLIN) | 10425 |
| 830 #0 - المدخل الاضافى بالسلسلة -عنوان موحد | |
| عنوان موحد | Metal ions in life sciences ; |
| رقم المجلد/ التعيين التسلسلي | v. 7. |
| 9 (RLIN) | 11903 |
| 942 ## - عناصر المدخل الإضافي( كوها) | |
| مصدر التصنيف او مخطط الترفيف | Dewey Decimal Classification |
| Koha [default] item type | كتاب |
| حالة الفقد | نموذج السعر الفعال | حالة تلف | ليس للاعارة | رقم الطلب | تاريخ الاكتساب | الموقع الحالي | الباركود | الفرع الرئيسي | Date last seen | نوع المادة فى نظام كوها | مصدر التصنيف او خطة الترفيف | Total Checkouts |
|---|---|---|---|---|---|---|---|---|---|---|---|---|
| 2013-03-10 | 577.278 O R E | 2012-04-23 | مكتبة كلية التمريض - طالبات (CNF) | 00085003 | مكتبة كلية التمريض - طالبات (CNF) | 2013-03-10 | كتاب | Dewey Decimal Classification | ||||
| 2013-03-10 | 577.278 O R E | 2012-04-23 | مكتبة كلية التمريض - طالبات (CNF) | 00085004 | مكتبة كلية التمريض - طالبات (CNF) | 2013-03-10 | كتاب | Dewey Decimal Classification |
